Information and Communication Technology / (Record no. 617)

MARC details
000 -LEADER
fixed length control field 00533nam a22001697a 4500
005 - DATE AND TIME OF INPUT
control field 20231114100313.0
008 - DATA ELEMENTS--GENERAL INFORMATION
fixed length control field 231114b |||||||| |||| 00| 0 eng d
020 ## - INTERNATIONAL STANDARD BOOK NUMBER
International Standard Book Number 9780409020281
041 ## - LANGUAGE CODE
Language code of text English
082 ## - SHELF NUMBER
DDC number 344.5 VAN
100 ## - MAIN AUTHOR
Main author's name Van der Merwe, D et al.
Language of a work English
245 ## - TITLE STATEMENT
Title Information and Communication Technology /
Statement of responsibility, etc. D Van der Merwe et al.
260 ## - PUBLICATION, DISTRIBUTION, ETC.
Place of publication, distribution, etc. Durban :
Name of publisher, distributor, etc. LexisNexis,
Date of publication, distribution, etc. 2008
300 ## - PHYSICAL DESCRIPTION
Other physical details xviii, 526 pages ;
Dimensions 25 cm.
650 ## - SUBJECT`
Broad subject Legal practice
Own subject terms Law
942 ## - ADDED ENTRY ELEMENTS (KOHA)
Item type Books
942 ## - ADDED ENTRY ELEMENTS (KOHA)
-- ALISON_BN_VRIES
Holdings
Source of classification or shelving scheme Not for loan Collection code Home library Current library Shelving location Date acquired Full call number Barcode Price effective from Koha item type
Dewey Decimal Classification   TEXT BOOKS LAW SOCIETY OF NAMIBIA LIBRARY - WINDHOEK LAW SOCIETY OF NAMIBIA LIBRARY - WINDHOEK Criminal law and procedures 11/14/2023 344.5 VAN LSN/2011/39 11/14/2023 Books